00283nam a2200085Ia 4500008004100000041000800041100002000049245009700069260003100166241105s9999 xx 000 0 und d aeng aDatar Tejaswini aEnvironmental Impact Of Civil Renovation In Residential Buildings - a Case Of Pune And Nasik bBNCA M Arch EA, Punec2017